000 00974cab a2200313 4500
001 ABS48841
008 090401t1993 xxu||||| |||| 00| 0 eng d
035 _a(Sirsi) u68763
041 _aeng
100 _aNeedham, B.
245 _aLong leases - a `biblical stewardship`?
260 _c1993
350 _a0
490 _aEstates Gazette
_v(9325) 26 June 1993, 114-116(2)
520 _aWith reference to the leasehold experience in the Netherlands, the author hopes to show how the problems of leasehold in the UK could be set right without the proposed legislation.
650 _aBLOCKS OF FLATS
650 _aCOMMONHOLD
650 _aESTATE MANAGEMENT
650 _aGROUND RENTS
650 _aLEASEHOLD ENFRANCHISEMENT
650 _aLEASEHOLD SYSTEM
650 _aLEASES
650 _aLONG LEASES
650 _aNETHERLANDS
650 _aPROPERTY OWNERSHIP
690 _aLANDLORD AND TENANT-LEASEHOLD REFORM
942 _n0
948 _c04/03/1997
999 _c43158
_d43158